[Event "CHOPIN"]
[Site "SchemingMind.com"]
[Date "2007.10.16"]
[Round "-"]
[White "rampichino"]
[Black "Lazaro"]
[Result "0-1"]
[WhiteCountry "ITA"]
[BlackCountry "CUB"]
[WhiteElo "1370"]
[WhiteRD "47"]
[BlackElo "1902"]
[BlackRD "58"]
[GameID "124712"]

1. e4 c5 2. c3 d5 3. exd5 Qxd5 4. d4 Nc6 5. Nf3 Bg4 6. Be2 e6 7. Be3 cxd4 8. cxd4 Bb4+ 9. Nc3 Qa5 10. Qb3 Nf6
11. O-O O-O 12. a3 Bxc3 13. Qxc3 Qxc3 14. bxc3 Rac8 15. Rab1 b6
0-1

[Event "CHOPIN"]
[Site "SchemingMind.com"]
[Date "2007.10.16"]
[Round "-"]
[White "Lazaro"]
[Black "rampichino"]
[Result "1-0"]
[WhiteCountry "CUB"]
[BlackCountry "ITA"]
[WhiteElo "1902"]
[WhiteRD "58"]
[BlackElo "1370"]
[BlackRD "47"]
[GameID "124713"]

1. e4 d5 2. exd5 Qxd5 3. Nc3 Qd6 4. d4 Nf6 5. Nf3 a6 6. Be2 Nbd7 7. O-O g6 8. Be3 e5 9. dxe5 Nxe5 10. Nxe5 Qxe5
11. Re1 Bd6 12. g3 O-O 13. Bf4 Qc5 14. Bxd6 Qxd6 15. Qxd6 cxd6 16. Rad1
1-0

[Event "CHOPIN"]
[Site "SchemingMind.com"]
[Date "2007.10.18"]
[Round "-"]
[White "Dr_Pat"]
[Black "Lazaro"]
[Result "0-1"]
[WhiteCountry "USA"]
[BlackCountry "CUB"]
[WhiteElo "1497"]
[WhiteRD "44"]
[BlackElo "1900"]
[BlackRD "58"]
[GameID "125074"]

1. d4 g6 2. c4 f5 3. Nc3 Bg7 4. Nf3 d6 5. e3 Nd7 6. Be2 e5 7. O-O e4 8. Nd2 c6 9. Qb3 Ngf6 10. d5 Nc5
11. Qc2 a5 12. b3 cxd5 13. cxd5 Nxd5 14. Bb2 Nb4 15. Qc1 Be6 16. Bb5+ Bd7 17. Bxd7+ Qxd7 18. Nc4 Qc6 19. Rd1 Nbd3 20. Qc2 d5
21. Na3 Nxb2 22. Qxb2 Nd3
0-1

[Event "CHOPIN"]
[Site "SchemingMind.com"]
[Date "2007.10.18"]
[Round "-"]
[White "Dr_Pat"]
[Black "rampichino"]
[Result "1-0"]
[WhiteCountry "USA"]
[BlackCountry "ITA"]
[WhiteElo "1566"]
[WhiteRD "47"]
[BlackElo "1370"]
[BlackRD "47"]
[GameID "125075"]

1. d4 d5 2. c4 Nc6 3. Nf3 Bg4 4. e3 Nf6 5. cxd5 Nxd5 6. Bb5 a6 7. Bxc6+ bxc6 8. Nbd2 e6 9. e4 Nf6 10. Qa4 Be7
11. Qxc6+ Nd7 12. Ne5
1-0

[Event "CHOPIN"]
[Site "SchemingMind.com"]
[Date "2007.10.19"]
[Round "-"]
[White "Lazaro"]
[Black "Dr_Pat"]
[Result "1-0"]
[WhiteCountry "CUB"]
[BlackCountry "USA"]
[WhiteElo "1900"]
[WhiteRD "58"]
[BlackElo "1497"]
[BlackRD "44"]
[GameID "125076"]

1. g3 d5 2. d4 Nf6 3. Nf3 Bf5 4. c4 e6 5. Qb3 b6 6. Bg2 Bd6 7. Nc3 O-O 8. cxd5 exd5 9. Nxd5 Nbd7 10. Nxf6+ Nxf6
11. Nh4 Be6 12. Qd1 a5 13. Bxa8 Qxa8 14. O-O Bh3 15. Re1 Be7 16. Qd3 Ng4 17. Qf3 Qxf3 18. Nxf3 f5 19. Ng5 Bxg5 20. Bxg5 h6
21. Bc1 g5 22. f3
1-0

[Event "CHOPIN"]
[Site "SchemingMind.com"]
[Date "2007.10.18"]
[Round "-"]
[White "rampichino"]
[Black "Dr_Pat"]
[Result "0-1"]
[WhiteCountry "ITA"]
[BlackCountry "USA"]
[WhiteElo "1370"]
[WhiteRD "47"]
[BlackElo "1566"]
[BlackRD "47"]
[GameID "125077"]

1. e4 Nf6 2. e5 Nd5 3. d4 d6 4. Nf3 Bg4 5. Be2 e6 6. O-O Be7 7. c4 Nb6 8. Nc3 O-O 9. Be3 Nc6 10. exd6 cxd6
11. d5 exd5 12. Nxd5 Nxd5 13. cxd5 Nb8 14. Rc1 Nd7 15. Rc4 Bxf3 16. Bxf3 Ne5
0-1

[Event "CHOPIN"]
[Site "SchemingMind.com"]
[Date "2007.10.18"]
[Round "-"]
[White "Nephi_R"]
[Black "Dr_Pat"]
[Result "1-0"]
[WhiteCountry "PHI"]
[BlackCountry "USA"]
[WhiteElo "1886"]
[WhiteRD "155"]
[BlackElo "1497"]
[BlackRD "44"]
[GameID "125085"]

1. e4 Nf6 2. e5 Nd5 3. Nc3 Nxc3 4. bxc3 g6 5. Nf3 Bg7 6. d4 d6 7. exd6 cxd6 8. Bd3 Bg4 9. h3 Bxf3 10. Qxf3 O-O
11. O-O Nc6 12. Re1 Qa5 13. Bb2 e5 14. dxe5 dxe5 15. a4 Rfe8 16. Bb5
1-0

[Event "CHOPIN"]
[Site "SchemingMind.com"]
[Date "2007.10.18"]
[Round "-"]
[White "Nephi_R"]
[Black "Lazaro"]
[Result "1/2-1/2"]
[WhiteCountry "PHI"]
[BlackCountry "CUB"]
[WhiteElo "1917"]
[WhiteRD "135"]
[BlackElo "1874"]
[BlackRD "51"]
[GameID "125086"]

1. e4 c5 2. Nf3 Nc6 3. d4 cxd4 4. Nxd4 Nf6 5. Nc3 e5 6. Nf3 d6 7. Bd3 d5 8. exd5 Nxd5 9. Nxd5 Qxd5 10. Qe2 Bg4
11. Be4 Qd6 12. Be3 Qb4+ 13. Bd2 Qxb2 14. Bxc6+ bxc6 15. Qxe5+ Qxe5+ 16. Nxe5 Bd7 17. Nxd7 Kxd7 18. O-O Be7 19. Rfd1 Kc8 20. Be3 Rd8
21. Rxd8+ Bxd8 22. Kf1 Bb6 23. Ke2 Rb8 24. Rb1 Bxe3 25. Rxb8+ Kxb8 26. Kxe3 Kc7 27. Kd4 Kb6 28. Kc4 Kb7 29. Kc5 Kc7 30. f4 f5
31. h4 g6 32. g3 Kd7 33. a3 Kc7 34. a4 a5 35. Kc4 Kd7 36. Kc5=
1/2-1/2

[Event "CHOPIN"]
[Site "SchemingMind.com"]
[Date "2007.10.21"]
[Round "-"]
[White "Dr_Pat"]
[Black "Nephi_R"]
[Result "0-1"]
[WhiteCountry "USA"]
[BlackCountry "PHI"]
[WhiteElo "1497"]
[WhiteRD "44"]
[BlackElo "1886"]
[BlackRD "155"]
[GameID "125088"]

1. d4 e6 2. c4 f5 3. Nc3 Bb4 4. Nf3 Nf6 5. e3 b6 6. Be2 Bb7 7. O-O O-O 8. e4 Bxc3 9. bxc3 Nxe4 10. Qc2 d6
11. Ne1 Nd7 12. f3 Nef6 13. Nd3 e5 14. dxe5 dxe5 15. Bg5 Qe8 16. Rfe1 Qg6 17. Bxf6 Rxf6 18. g3 Re8 19. Bf1 Rfe6 20. Bg2 Qf6
21. f4 e4 22. Nf2 Nc5 23. g4 e3
0-1

[Event "CHOPIN"]
[Site "SchemingMind.com"]
[Date "2007.10.21"]
[Round "-"]
[White "Lazaro"]
[Black "Nephi_R"]
[Result "0-1"]
[WhiteCountry "CUB"]
[BlackCountry "PHI"]
[WhiteElo "1595"]
[WhiteRD "46"]
[BlackElo "1548"]
[BlackRD "80"]
[GameID "125089"]

1. e4 e6 2. d4 d5 3. Nc3 Bb4 4. e5 b6 5. Qg4 Bf8 6. Bd3 c5 7. Nf3 Ne7 8. Nb5 Ng6 9. Bg5 Be7 10. Bxe7 Qxe7
11. Nd6+ Kd7 12. Ng5 f5 13. Bb5+ Kc7 14. Qh5 cxd4 15. Nxh7 Nxe5 16. Nxc8= Kxc8 17. O-O-O a6 18. Bf1 Nbc6 19. f4 Ng4 20. Rd2 g6
21. Qxg6 Rxh7 22. h3 Rg7 23. Qh5 Nf6 24. Qf3 Ne4 25. Rd3 Rg3 26. Qxg3 Nxg3 27. Rxg3 Kb7 28. h4 Rh8 29. h5 Rh6 30. Rg6 Qh7
31. Rg5 Nd8 32. Be2 Nf7 33. Rg3 Nd6 34. Ra3 b5 35. Rd3 Ne4 36. Rh2 Nf6 37. a4 Qg7
0-1

[Event "CHOPIN"]
[Site "SchemingMind.com"]
[Date "2007.10.23"]
[Round "-"]
[White "twotone"]
[Black "Nephi_R"]
[Result "0-1"]
[WhiteCountry "ENG"]
[BlackCountry "PHI"]
[WhiteElo "1527"]
[WhiteRD "70"]
[BlackElo "1886"]
[BlackRD "155"]
[GameID "125616"]

1. Nf3 Nf6 2. d4 e6 3. e3 d5 4. Bd3 c5 5. O-O Bd6 6. c3 Nbd7 7. Re1 O-O 8. Nbd2 Re8 9. c4 b6 10. b3 e5
11. dxe5 Nxe5 12. Bc2 dxc4 13. bxc4 Bb7 14. e4 Qc7 15. Bb2 Rad8 16. a4 Nfg4 17. h3 Nxf3+ 18. Nxf3 Bh2+ 19. Kh1 Nxf2#
0-1

[Event "CHOPIN"]
[Site "SchemingMind.com"]
[Date "2007.10.22"]
[Round "-"]
[White "twotone"]
[Black "Dr_Pat"]
[Result "0-1"]
[WhiteCountry "ENG"]
[BlackCountry "USA"]
[WhiteElo "1527"]
[WhiteRD "70"]
[BlackElo "1497"]
[BlackRD "44"]
[GameID "125617"]

1. d4 Nf6 2. Nc3 d5 3. Bg5 Nc6 4. Bxf6 gxf6 5. e4 dxe4 6. d5 Ne5 7. Nxe4 Bf5 8. Nc5 c6 9. dxc6 Nxc6 10. Nxb7 Qb6
11. Nd6+ exd6 12. Qe2+ Kd7 13. c3 Re8 14. b3 Rxe2+ 15. Bxe2 Bh6 16. Nf3 Re8 17. Rd1 Qa5 18. O-O Rxe2 19. Nd4 Nxd4 20. cxd4 Qxa2
21. Ra1 Qxb3 22. Rxa7+ Ke6 23. Rd1 Qxd1#
0-1

[Event "CHOPIN"]
[Site "SchemingMind.com"]
[Date "2007.10.22"]
[Round "-"]
[White "twotone"]
[Black "Lazaro"]
[Result "0-1"]
[WhiteCountry "ENG"]
[BlackCountry "CUB"]
[WhiteElo "1523"]
[WhiteRD "72"]
[BlackElo "1874"]
[BlackRD "51"]
[GameID "125618"]

1. e3 e5 2. Nc3 d5 3. d4 exd4 4. Qxd4 Nf6 5. e4 dxe4 6. Qxd8+ Kxd8 7. Bg5 Bb4 8. O-O-O+ Ke8 9. Bxf6 gxf6 10. Nxe4 Be7
11. Rd3 f5 12. Nd2 Be6 13. a3 Nd7 14. Nb3 Ne5 15. Rd4 Bf6 16. Rb4 Bd5 17. Nd4 Nc6 18. Bb5 Bxg2 19. Nxc6 bxc6 20. f3 cxb5
21. Kd2 Bxh1 22. Ke2 a6 23. Nh3 Rg8 24. Rb3 Rg2+ 25. Nf2 Bh4 26. Re3+ Kf8 27. Kd3 Rxf2 28. b4 Rxh2 29. f4 Be1 30. Rxe1 Be4+
31. Kc3 Rxc2+ 32. Kb3 Rd8 33. Rxe4 fxe4 34. Kxc2 e3
0-1

[Event "CHOPIN"]
[Site "SchemingMind.com"]
[Date "2007.10.23"]
[Round "-"]
[White "Nephi_R"]
[Black "twotone"]
[Result "1-0"]
[WhiteCountry "PHI"]
[BlackCountry "ENG"]
[WhiteElo "1835"]
[WhiteRD "126"]
[BlackElo "1541"]
[BlackRD "74"]
[GameID "125620"]

1. d4 Nf6 2. g3 e6 3. Bg2 d5 4. Nf3 c5 5. O-O cxd4 6. Nxd4 Bc5 7. Nb3 Bb6 8. e3 O-O 9. Nc3 a5 10. a4 Ra6
11. Nd4 Bd7 12. b3 Ba7 13. Bb2 Nc6 14. Nxc6 Rxc6 15. Rc1 Rd6 16. Qe2 Re8 17. Nb5 Bxb5 18. axb5 Bc5 19. Rfd1 Rb6 20. c4 Qd7
21. Rd3 Rd6 22. Rcd1 b6 23. Bxf6 gxf6 24. Qg4+ Kh8 25. cxd5 f5 26. Qa4 e5 27. e4 Rg8 28. exf5 f6 29. Bh3 Qg7 30. Qh4 h6
31. Kf1 Qg5 32. Qxg5 hxg5 33. Bg4 Kh7 34. Bh5 Kh6 35. Bg6 Kg7 36. h4 gxh4 37. gxh4 Kh6 38. Ke2 Kg7 39. f3 Kh6 40. Rc3 Rd7
41. Kf1 Rgd8 42. Rcd3 Bd6 43. Kg2 Rc8 44. R1d2 Bb4 45. Re2 Bc5 46. Kg3 Rd6 47. Bf7 Rcd8 48. Be6 Kh5 49. f4 Rg8+ 50. Bxg8 Bd4
51. fxe5 Bxe5+ 52. Rxe5 fxe5 53. Be6 Rd8 54. Re3 Rh8 55. Rxe5 Rh7 56. f6+ Kg6 57. Rf5 Rf7 58. h5+
1-0

[Event "CHOPIN"]
[Site "SchemingMind.com"]
[Date "2007.10.22"]
[Round "-"]
[White "Dr_Pat"]
[Black "twotone"]
[Result "0-1"]
[WhiteCountry "USA"]
[BlackCountry "ENG"]
[WhiteElo "1497"]
[WhiteRD "44"]
[BlackElo "1527"]
[BlackRD "70"]
[GameID "125621"]

1. d4 Nf6 2. c4 d6 3. Nc3 e5 4. Nf3 exd4 5. Nxd4 g6 6. e4 Nc6 7. Nxc6 bxc6 8. Be2 Bg7 9. O-O O-O 10. Be3 Be6
11. c5 Ne8 12. Bd4 Qg5 13. Be3 Qe7 14. cxd6 cxd6 15. Rc1 Nf6 16. b3 a5 17. Bd4 Rac8 18. Na4 c5 19. Bc3 Qa7 20. Qxd6 Nxe4
21. Qd3 Nxc3 22. Nxc3 c4 23. bxc4 Bxc4 24. Qd2 Bxe2 25. Nxe2 Rfd8 26. Rxc8 Rxc8 27. Ng3 Bc3 28. Qc2 Rc7 29. Rd1 Bd4 30. Qd2 Bf6
31. Ne4 Be7 32. Nd6 Rd7
0-1

[Event "CHOPIN"]
[Site "SchemingMind.com"]
[Date "2007.10.23"]
[Round "-"]
[White "Lazaro"]
[Black "twotone"]
[Result "0-1"]
[WhiteCountry "CUB"]
[BlackCountry "ENG"]
[WhiteElo "1595"]
[WhiteRD "46"]
[BlackElo "1512"]
[BlackRD "75"]
[GameID "125622"]

1. e4 e6 2. d4 d6 3. c4 Ne7 4. Nc3 c6 5. Nf3 Qa5 6. Be2 Bd7 7. O-O d5 8. Bd2 Qc7 9. Rc1 Ng6 10. cxd5 Be7
11. dxe6 Bxe6 12. d5 Bd7 13. dxc6 Nxc6 14. Nd5 Qd6 15. Be3 b6 16. Bb5 O-O 17. Bxc6 Bxc6 18. Nxe7+ Qxe7 19. Rxc6 Rad8 20. Qc2 Rd7
21. Rc8 Rfd8 22. Rxd8+ Qxd8 23. Bg5 f6 24. Be3 Qe7 25. Qc4+ Kh8 26. Rc1 h6 27. Nd4 Ne5 28. Qc8+ Kh7 29. Nf5 Qe6 30. h3 Qxa2
31. Qc2 b5 32. b3 Qa6 33. Bf4 Nd3 34. Rd1 b4 35. Qc4 Qxc4 36. bxc4 Nc5 37. Rxd7 Nxd7 38. Bd6 b3 39. Ba3 Ne5 40. c5 Nc4
0-1

[Event "CHOPIN"]
[Site "SchemingMind.com"]
[Date "2007.10.23"]
[Round "-"]
[White "Jochen"]
[Black "twotone"]
[Result "0-1"]
[WhiteCountry "GBR"]
[BlackCountry "ENG"]
[WhiteElo "1263"]
[WhiteRD "103"]
[BlackElo "1527"]
[BlackRD "70"]
[GameID "125755"]

1. e4 e6 2. Nf3 d5 3. Nc3 Bb4 4. Bb5+ Bd7 5. Ne5 Nf6 6. a3 Bxc3 7. Bxd7+ Nbxd7 8. bxc3 Nxe5 9. h3 dxe4 10. d4 Nc4
11. a4 O-O 12. Qe2 Qd5 13. Bf4 c5 14. O-O Nd6 15. a5 Nc4 16. h4 b5 17. a6 Rad8 18. Rab1 cxd4 19. Bg5 d3 20. cxd3 exd3
21. Qf3 Qxf3 22. gxf3 Rd5 23. Rfe1 Nd7 24. Re4 Nd2 25. Bxd2 Rb8 26. Rg4 Ne5 27. Rg3 Kf8 28. f4 Nc4 29. Bc1 d2 30. Bb2 Nxb2
31. Rg5 d1=Q+ 32. Rxd1 Nxd1 33. f3 Nxc3 34. Kg2 f5 35. Rh5 Rd2+ 36. Kg3 Ne2+ 37. Kh2 Nxf4+
0-1

[Event "CHOPIN"]
[Site "SchemingMind.com"]
[Date "2007.10.23"]
[Round "-"]
[White "Jochen"]
[Black "Nephi_R"]
[Result "0-1"]
[WhiteCountry "GBR"]
[BlackCountry "PHI"]
[WhiteElo "1242"]
[WhiteRD "97"]
[BlackElo "1917"]
[BlackRD "135"]
[GameID "125756"]

1. d4 e6 2. c3 f5 3. Na3 Nf6 4. Nf3 b6 5. Nc4 Bb7 6. Nce5 d6 7. Nc4 Be7 8. Ng5 Qd7 9. e3 h6 10. Nh3 O-O
11. Nf4 Nc6 12. Ng6 Rf7 13. Nf4 b5 14. Na3 a6 15. Nh5 Nxh5 16. Qf3 Nf6 17. Bd3 Nd8 18. Qg3 Kh8 19. Be2 c5 20. c4 Ne4
21. Qh3 b4 22. Nc2 Nc6 23. Qh5 Raf8 24. a3 bxa3 25. bxa3 d5 26. g3 e5 27. a4 cxd4 28. exd4 exd4 29. a5 Nc3 30. Bf3 Qe6+
31. Kf1 Bf6 32. Bxh6 gxh6 33. Qxh6+ Kg8 34. Qg6+ Rg7 35. Qh5 dxc4 36. h4 d3 37. Ne3 Ne4 38. Rd1 Nd4 39. Nd5 Bxd5 40. Re1 Nd2+
41. Kg2 Bxf3+ 42. Kh2 Qxe1 43. Qxf3 N4xf3+ 44. Kg2 Nxh4+
0-1

[Event "CHOPIN"]
[Site "SchemingMind.com"]
[Date "2007.10.28"]
[Round "-"]
[White "Jochen"]
[Black "Dr_Pat"]
[Result "0-1"]
[WhiteCountry "GBR"]
[BlackCountry "USA"]
[WhiteElo "1263"]
[WhiteRD "103"]
[BlackElo "1497"]
[BlackRD "44"]
[GameID "125757"]

1. Nc3 Nf6 2. d4 d5 3. Nf3 e6 4. Nh4 Nc6 5. Nb5 a6 6. Nc3 Bb4 7. a3 Bxc3+ 8. bxc3 O-O 9. f3 b5 10. Qd3 Bb7
11. g3 Ne8 12. g4 Bc8 13. Kd1 Qxh4 14. Be3 f5 15. Bf4 fxg4 16. Bg2 Rxf4 17. e3 gxf3 18. Bf1 Rf6 19. Rb1 Nd6 20. Kd2 Ne4+
21. Kd1 Nf2+ 22. Kd2 Nxd3 23. Kxd3 Qe4+ 24. Kd2 f2 25. h3 Qxh1 26. Kd3 e5 27. c4 Bxh3
0-1

[Event "CHOPIN"]
[Site "SchemingMind.com"]
[Date "2007.10.23"]
[Round "-"]
[White "Jochen"]
[Black "Lazaro"]
[Result "0-1"]
[WhiteCountry "GBR"]
[BlackCountry "CUB"]
[WhiteElo "1263"]
[WhiteRD "103"]
[BlackElo "1900"]
[BlackRD "58"]
[GameID "125758"]

1. Nf3 d5 2. d4 Nf6 3. Bf4 Bf5 4. h3 e6 5. c3 c5 6. Na3 cxd4 7. Nxd4 Bxa3 8. Nb5 Be7 9. a3 Na6 10. Qd4 O-O
11. g4 Be4 12. Rg1 Bc5 13. Qe5 Qa5 14. Bh6 gxh6 15. g5 Bg6 16. Nd6 Bxd6 17. Qxd6 Ne4 18. gxh6 Nxd6 19. Rd1 Nc4 20. h4 Nxb2
21. Rc1 Qxa3 22. f3 Nd3+ 23. Kd1 Qxc1#
0-1

[Event "CHOPIN"]
[Site "SchemingMind.com"]
[Date "2007.10.23"]
[Round "-"]
[White "twotone"]
[Black "Jochen"]
[Result "1-0"]
[WhiteCountry "ENG"]
[BlackCountry "GBR"]
[WhiteElo "1550"]
[WhiteRD "71"]
[BlackElo "1406"]
[BlackRD "148"]
[GameID "125760"]

1. d4 e6 2. c4 Bb4+ 3. Bd2 a5 4. a3 Bd6 5. c5 Be7 6. e4 Bh4 7. Nf3 Nc6 8. Nc3 Nh6 9. Bb5 Qf6 10. O-O Ng4
11. h3 Nge5 12. dxe5 Qg6 13. Nxh4 Qxe4 14. Nxe4 Nd4 15. Bc4 h5 16. Bc3 Nf5 17. b4 a4 18. Nxf5 exf5 19. Ng5 g6 20. Bxf7+ Kf8
21. Bxg6 Ra6 22. Nf7 Rg8 23. Bxh5 f4 24. Qd4 f3 25. g3 Rg7 26. e6 Rxe6 27. Qxg7+ Ke7 28. Ng5+ Kd8 29. Qf8+
1-0

[Event "CHOPIN"]
[Site "SchemingMind.com"]
[Date "2007.10.24"]
[Round "-"]
[White "Nephi_R"]
[Black "Jochen"]
[Result "1-0"]
[WhiteCountry "PHI"]
[BlackCountry "GBR"]
[WhiteElo "1886"]
[WhiteRD "155"]
[BlackElo "1263"]
[BlackRD "103"]
[GameID "125761"]

1. e4 d5 2. exd5 Qxd5 3. d3 Qe5+ 4. Qe2 Nc6 5. Nf3 Qa5+ 6. Nc3 Bg4 7. Qd1 Nf6 8. Be2 e6 9. O-O O-O-O 10. h3 Bf5
11. Bd2 Qb4 12. Rb1 Bxh3 13. gxh3 Nh5 14. Ne4 Qe7 15. c3 a6 16. Ng3 Nf4 17. Bxf4 e5 18. Bd2 Qe6 19. Kg2 Bd6 20. Nh4 Bc5
21. Bg4 f5 22. Bxf5 Qxf5 23. Ngxf5 h6 24. Qe2 Rd5 25. Ne3 h5 26. Nxd5 Kb8 27. Ng6 Rd8 28. Ne3 Rd6 29. Qxh5 Rd8 30. Nc4 Re8
31. Ngxe5 Rd8 32. Nxc6+ bxc6 33. Qxc5 Rg8 34. Qxc6 g5 35. Qxa6 g4 36. h4 Re8 37. Na5 Re2 38. Qb7#
1-0

[Event "CHOPIN"]
[Site "SchemingMind.com"]
[Date "2007.10.28"]
[Round "-"]
[White "Dr_Pat"]
[Black "Jochen"]
[Result "1-0"]
[WhiteCountry "USA"]
[BlackCountry "GBR"]
[WhiteElo "1497"]
[WhiteRD "44"]
[BlackElo "1263"]
[BlackRD "103"]
[GameID "125762"]

1. d4 d5 2. c4 e5 3. dxe5 Nd7 4. Nf3 dxc4 5. e4 Qe7 6. Nc3 Nc5 7. Bxc4 h6 8. O-O Bd7 9. Nd5 Qd8 10. Be3 Nxe4
11. Rc1 c6 12. Nf4 g5 13. Nh5 Ngf6 14. exf6 b5 15. Bd3 Nc5 16. Bxc5 Bxc5 17. Re1+ Kf8 18. Rxc5 Qa5 19. Bg6 fxg6 20. Qxd7 Qxa2
21. Qg7#
1-0

[Event "CHOPIN"]
[Site "SchemingMind.com"]
[Date "2007.10.24"]
[Round "-"]
[White "Lazaro"]
[Black "Jochen"]
[Result "1-0"]
[WhiteCountry "CUB"]
[BlackCountry "GBR"]
[WhiteElo "1874"]
[WhiteRD "51"]
[BlackElo "1242"]
[BlackRD "97"]
[GameID "125763"]

1. Nf3 e6 2. c4 c6 3. b3 b5 4. cxb5 cxb5 5. Bb2 Bb7 6. g3 Bd6 7. Bxg7 Ne7 8. Bxh8 Nbc6 9. Bg2 Ng6 10. Bb2 Qa5
11. O-O Nb4 12. a3 Nd5 13. b4 Qb6 14. Nc3 h6 15. Nxd5 Bxd5 16. Bd4 Ne5 17. Bxb6 axb6 18. Nxe5 Bxe5 19. Bxd5 exd5 20. Ra2 h5
21. d4 Bf6 22. e3 h4 23. Qh5 Rc8 24. a4 Ke7 25. Qxd5 Kf8 26. axb5 hxg3 27. fxg3 Rc3 28. Rxf6 Rc1+ 29. Kg2 Re1 30. Qxf7#
1-0

[Event "CHOPIN"]
[Site "SchemingMind.com"]
[Date "2007.10.24"]
[Round "-"]
[White "fouche"]
[Black "twotone"]
[Result "1-0"]
[WhiteCountry "COL"]
[BlackCountry "ENG"]
[WhiteElo "1622"]
[WhiteRD "65"]
[BlackElo "1527"]
[BlackRD "70"]
[GameID "125860"]

1. d4 d5 2. c4 c6 3. Nc3 g6 4. e3 Bg7 5. Nf3 Qc7 6. Bd2 Nf6 7. Be2 O-O 8. O-O Bf5 9. Rc1 Nbd7 10. cxd5 cxd5
11. Nxd5 Qd6 12. Nxf6+ Bxf6 13. Qb3 Nb6 14. Bb4 Qd5 15. Bc4 Qd7 16. Bd3 Rac8 17. e4 Bg4 18. e5 Bg7 19. Be2 Rc7 20. Bc3 Be6
21. Qa3 a6 22. Rfd1 Bh6 23. Rc2 f6 24. exf6 Rxf6 25. b3 Nd5 26. Qb2 Bf5 27. Bd3 Rfc6 28. Ne5 Qc8 29. Nxc6 Rxc6 30. Bxf5 Qxf5
31. Re1 Bg7 32. Ree2 Qd7 33. b4 Nxc3 34. Rxc3 Bxd4 35. Qb3+ Kf8 36. Rf3+ Bf6 37. g3 Rc1+ 38. Kg2 Qc6 39. Qe6 Kg7 40. Qb3 e5
41. Re3 h5 42. Rc3 Rxc3 43. Qxc3 Qd5 44. Qc7+ Qf7 45. Rc3 e4 46. Qxf7+ Kxf7 47. Rc7+ Ke6 48. Rxb7 g5 49. Rb6+ Kf5 50. Rxa6 Be7
51. b5 Bc5 52. b6 Bd6 53. b7 Bb8 54. Ra8
1-0

[Event "CHOPIN"]
[Site "SchemingMind.com"]
[Date "2007.10.24"]
[Round "-"]
[White "fouche"]
[Black "Nephi_R"]
[Result "0-1"]
[WhiteCountry "COL"]
[BlackCountry "PHI"]
[WhiteElo "1639"]
[WhiteRD "67"]
[BlackElo "1917"]
[BlackRD "135"]
[GameID "125861"]

1. e4 e5 2. f4 Nc6 3. Nf3 exf4 4. Bc4 h6 5. d4 d6 6. Bxf4 g5 7. Bg3 Bg7 8. O-O Nf6 9. e5 dxe5 10. dxe5 Qxd1
11. Rxd1 Ng4 12. Re1 Bf8 13. h3 Bc5+ 14. Kf1 Ne3+ 15. Rxe3 Bxe3 16. Nc3 Be6 17. Nd5 O-O-O 18. Ke2 Bf4 19. Bxf4 gxf4 20. Rd1 Kb8
21. a3 Na5 22. Ba2 c6 23. Nc3 Rxd1 24. Kxd1 Bxa2 25. Nxa2 Nc4 26. Kc1 Rg8 27. Nc3 Rxg2 28. a4 Rg3
0-1

[Event "CHOPIN"]
[Site "SchemingMind.com"]
[Date "2007.10.28"]
[Round "-"]
[White "fouche"]
[Black "Dr_Pat"]
[Result "0-1"]
[WhiteCountry "COL"]
[BlackCountry "USA"]
[WhiteElo "1622"]
[WhiteRD "65"]
[BlackElo "1497"]
[BlackRD "44"]
[GameID "125862"]

1. d4 Nf6 2. c4 e6 3. Nc3 Bb4 4. Nf3 d5 5. Bg5 O-O 6. e3 Nbd7 7. Rc1 h6 8. Bh4 c5 9. cxd5 exd5 10. a3 Bxc3+
11. bxc3 Qa5 12. Qb3 c4 13. Qb4 Qxb4 14. axb4 b5 15. Bxf6 Nxf6 16. Ne5 a5 17. Ra1 a4 18. Ra3 Ne4 19. f3 Nd6 20. Kd2 f6
21. Ng6 Re8 22. Nf4 Bb7 23. g4 Kf7 24. Bg2 g5 25. Nh5 Re7 26. Re1 Kg6 27. Ng3 Rae8 28. Re2 Bc8 29. h3 f5 30. gxf5+ Bxf5
31. Ra1 Bd3 32. Ree1 h5 33. Bf1 Rf7 34. Bxd3+ cxd3 35. Rf1 Nc4+ 36. Kxd3 Rxe3+ 37. Kc2 h4 38. Nh1 Re2+ 39. Kc1 Rfe7
0-1

[Event "CHOPIN"]
[Site "SchemingMind.com"]
[Date "2007.10.23"]
[Round "-"]
[White "fouche"]
[Black "Lazaro"]
[Result "1-0"]
[WhiteCountry "COL"]
[BlackCountry "CUB"]
[WhiteElo "1668"]
[WhiteRD "63"]
[BlackElo "1595"]
[BlackRD "46"]
[GameID "125863"]

1. c4 e6 2. Nc3 Nf6 3. Nf3 d5 4. d4 c6 5. e3 Be7 6. Bd3 Nbd7 7. O-O dxc4 8. Bxc4 c5 9. Bd2 a6 10. Rc1 b5
11. Bd3 Bb7 12. dxc5 Nxc5 13. Bb1 Nd3 14. Bxd3 Qxd3 15. Qe2 Rd8 16. Rfd1 Qxe2 17. Nxe2 Bxf3 18. gxf3 O-O 19. Ba5 Rxd1+ 20. Rxd1 Rc8
21. Rd2 Kf8 22. e4 Ke8 23. Kg2 Bd8 24. Rxd8+ Rxd8 25. Bxd8 Kxd8 26. Nd4 Kc7 27. Nb3 Kb6 28. Nc1 e5 29. Nd3 Nd7 30. f4 exf4
31. Nxf4 Nc5 32. Nd5+ Kb7 33. Ne7 Nxe4 34. Nf5 g6 35. Ne3
1-0

[Event "CHOPIN"]
[Site "SchemingMind.com"]
[Date "2007.10.24"]
[Round "-"]
[White "fouche"]
[Black "Jochen"]
[Result "1-0"]
[WhiteCountry "COL"]
[BlackCountry "GBR"]
[WhiteElo "1622"]
[WhiteRD "65"]
[BlackElo "1263"]
[BlackRD "103"]
[GameID "125865"]

1. f4 e6 2. Nf3 d5 3. e3 c6 4. Be2 Bc5 5. O-O Nd7 6. b3 Ndf6 7. Bb2 Ng4 8. Bd4 Bxd4 9. Nxd4 e5 10. Bxg4 exf4
11. exf4 Nh6 12. Re1+ Kf8 13. Bf3 b5 14. Nxc6 Qb6+ 15. d4 Qxc6 16. Qe2 g6 17. Qe7+ Kg7 18. Nd2 Qc3 19. Bxd5 Qxd4+ 20. Kh1 Qxd5
21. Rad1 Bh3 22. Qe5+ Qxe5 23. Rxe5 Ng4 24. Re2 Bxg2+ 25. Kxg2 Rad8 26. Rde1 a6 27. Nf3 b4 28. Kh3 Nf6 29. Re7 Nh5 30. f5 Nf4+
31. Kg3 Nh5+ 32. Kf2 gxf5 33. Ra7 Nf4 34. Ree7 h6 35. Rxf7+ Kg6 36. Ne5+ Kh5 37. Rxf5+ Kh4 38. Rxf4+ Kg5 39. Raf7 Rd2+ 40. Kf3 Rg8
41. R7f5#
1-0

[Event "CHOPIN"]
[Site "SchemingMind.com"]
[Date "2007.10.24"]
[Round "-"]
[White "twotone"]
[Black "fouche"]
[Result "0-1"]
[WhiteCountry "ENG"]
[BlackCountry "COL"]
[WhiteElo "1527"]
[WhiteRD "70"]
[BlackElo "1622"]
[BlackRD "65"]
[GameID "125866"]

1. e4 e6 2. d4 d5 3. e5 c5 4. c3 Nc6 5. Nf3 Qb6 6. Bd3 cxd4 7. cxd4 Bd7 8. O-O Nge7 9. Be2 Ng6 10. Nc3 Be7
11. Nb5 a6 12. Nc3 O-O 13. b3 Rac8 14. Bb2 f6 15. Na4 Qa7 16. Rc1 fxe5 17. dxe5 b5 18. Nc3 Ncxe5 19. Qd4 Nxf3+ 20. Bxf3 Qxd4
21. Nd1 Qa7 22. Nc3 Bf6 23. Rc2 Rc7 24. Rfc1 Rfc8 25. Bd1 d4 26. Ne4 Rxc2 27. Nxf6+ gxf6 28. Rxc2 Rxc2 29. Bxc2 Qc7 30. Bd1 Qe5
31. Kf1 Nf4 32. g3 Nd3 33. Bxd4 Qe1+ 34. Kg2 Bc6+ 35. Bf3 Bxf3+ 36. Kxf3 f5
0-1

[Event "CHOPIN"]
[Site "SchemingMind.com"]
[Date "2007.10.24"]
[Round "-"]
[White "Nephi_R"]
[Black "fouche"]
[Result "0-1"]
[WhiteCountry "PHI"]
[BlackCountry "COL"]
[WhiteElo "1835"]
[WhiteRD "126"]
[BlackElo "1612"]
[BlackRD "59"]
[GameID "125867"]

1. e4 e6 2. d4 d5 3. exd5 exd5 4. Nf3 Nf6 5. Bd3 Bd6 6. O-O O-O 7. h3 Ne4 8. c4 c6 9. cxd5 cxd5 10. Nc3 Nxc3
11. bxc3 Nd7 12. Bg5 Nf6 13. Re1 Bd7 14. Ne5 Be6 15. Qf3 Rc8 16. Rac1 Be7 17. Bf5 Nd7 18. Bxe7 Qxe7 19. Qg4 Nxe5 20. Rxe5 Rc6
21. Bxe6 fxe6 22. f4 Qf7 23. g3 Rfc8 24. Re3 h6 25. Qf3 b5 26. Rce1 a5 27. g4 b4 28. cxb4 axb4 29. Rb1 Rc1+ 30. Rxc1 Rxc1+
31. Kg2 Rc2+ 32. Kg3 Rxa2 33. Rb3 Qb7 34. f5 Qc7+ 35. Kh4 Qe7+ 36. Kg3 Ra3 37. fxe6 Qxe6 38. Rxa3 Qd6+ 39. Kg2 bxa3 40. Qb3 Kf7
41. Qf3+ Ke7 42. h4 Kd8 43. Qf7 g5 44. hxg5 hxg5 45. Qg8+ Kc7 46. Qa8 Qb4
0-1